00900nam a2200193 i 450000100060000000300090000600500170001500700030003200800410003510000390007624502200011526000850033530000210042060000430044165000340048485200240051899900170054295201470055969329ES-MaACL20230906170508.0t|040705s1945 cu |||| | spa d1 aGarcía Bárcena, Rafael.95422514aLos aforismos de Luz y Caballero / cRafael García Bárcena ; prólogo de la edición de los "Aforismos", que se han publicado en la Biblioteca de Autores Cubanos de la Editorial de la Universidad de La Habana. aLa Habana : b[Universidad de La Habana], c1945 (fImp. Ucar, García y Cía) a35 p. ; c23 cm.14aLuz y Caballero, José de la.914189004aMáximas y aforismos.914865 aES-MaACLj1700-F-19 c69329d69329 001040708Colección_de_folletosaATENEOMbATENEOMcDEPOFd2008-01-17eSCl0o1700-F-19p1072598r2023-02-23 00:00:00w2023-02-23yFOLLETOS